|
|
|
|
| LEADER |
00000nab a2200000 a 4500 |
| 001 |
vtls010455488 |
| 003 |
SK-MaSNL |
| 005 |
20260318114537.0 |
| 008 |
121003c2012 xo wr p 000 c0ukr |
| 015 |
|
|
|a SNBRB2012/10
|
| 038 |
|
|
|a SVKPOCL
|
| 040 |
|
|
|a SVKPOCL
|b slo
|c SVKPOCL
|e AACR2
|
| 041 |
0 |
|
|a ukr
|
| 044 |
|
|
|a xo
|c SK
|
| 080 |
|
|
|a 394.2:398
|2 2001
|
| 080 |
|
|
|a 80(=16)+908(4)
|2 2001
|
| 080 |
|
|
|a 398
|2 2001
|
| 080 |
|
|
|a (437.6)
|2 2001
|
| 100 |
1 |
|
|a Mušinka, Mikuláš,
|d 1936-2024
|4 aut
|9 99915
|
| 245 |
1 |
0 |
|a Rovesnyk Svjata kul'tury u Svydnyku
|b 58-yj Festyval' fol'kloru u Vychodnij
|c Mykola Mušynka ; Foto: Magda Mušynka
|
| 300 |
|
|
|b Fotogr.
|
| 611 |
2 |
7 |
|a Východná
|n (58. :
|d 2012 :
|c Východná, Slovensko)
|2 svkpocl
|9 603148
|
| 648 |
|
7 |
|a 29.-30.6.2012
|2 svkpocl
|9 1611976
|
| 650 |
0 |
7 |
|a folklórne festivaly
|2 svkpocl
|9 29324
|
| 650 |
0 |
7 |
|a slavistika
|2 svkpocl
|9 4282
|
| 651 |
|
7 |
|a Východná (Slovensko)
|2 svkpocl
|9 60319
|
| 651 |
|
7 |
|a Liptovský Mikuláš (Slovensko : okres)
|2 svkpocl
|9 31431
|
| 655 |
|
7 |
|a reportáže
|2 svkpocl
|9 28856
|
| 700 |
1 |
|
|a Mušinková, Magdaléna,
|d 1942-
|4 pht
|9 263321
|
| 773 |
0 |
|
|t Nove žyttja
|g Roč. 62, č. 14 (2012), s. 5
|
| 852 |
|
|
|a SVKPO
|b KIS3GCP
|
| 856 |
4 |
1 |
|u www.rusini-ukrajinci.tym.sk
|
| 958 |
|
|
|a UK
|
| 958 |
|
|
|a SK
|
| 958 |
|
|
|a RN
|
| 958 |
|
|
|a SS
|
| 999 |
|
|
|c 3320549
|d 3322479
|